[Event "Andorra op 24th"]
[Site "Andorra"]
[Date "2006.07.12"]
[Round "5"]
[White "Blas Correa, Jordi"]
[Black "Bruned, Yvalin"]
[Result "0-1"]
[WhiteElo "2104"]
[BlackElo "2352"]
[PlyCount "52"]
[EventDate "2006.07.08"]
[EventType "swiss"]
[EventRounds "9"]
[EventCountry "AND"]
[SourceTitle "EXT 2022"]
[Source "ChessBase"]
[SourceDate "2021.10.06"]
[SourceVersion "1"]
[SourceVersionDate "2021.10.06"]
[SourceQuality "1"]

1. f4 d5 2. Nf3 g6 3. e3 Bg7 4. d4 Nh6 5. Nc3 0-0 6. Ne2 b6 7. c3 c5 8. h3 f6 9. g4 Nf7 10. Qc2 e5 11. Bd2 e4 12. Nh2 Ba6 13. Ng3 Bxf1 14. Nhxf1 Nc6 15. 0-0-0 c4 16. Be1 Nd6 17. Nh2 Qd7 18. Qe2 Kf7 19. h4 Ke7 20. h5 Rh8 21. Bf2 Kd8 22. Rdf1 Kc7 23. Be1 b5 24. Qg2 Kb7 25. Rf2 a5 26. Nhf1 g5 0-1

[Event "Andorra op 24th"]
[Site "Andorra"]
[Date "2006.07.10"]
[Round "3"]
[White "Blas Correa, Jordi"]
[Black "Fernandez Aguado, Enrique"]
[Result "0-1"]
[WhiteElo "2104"]
[BlackElo "2361"]
[PlyCount "28"]
[EventDate "2006.07.08"]
[EventType "swiss"]
[EventRounds "9"]
[EventCountry "AND"]
[SourceTitle "EXT 2022"]
[Source "ChessBase"]
[SourceDate "2021.10.06"]
[SourceVersion "1"]
[SourceVersionDate "2021.10.06"]
[SourceQuality "1"]

1. f4 d5 2. Nf3 Nf6 3. e3 g6 4. b3 Bg7 5. Bb2 0-0 6. Be2 c5 7. Ne5 Nfd7 8. 0-0 Nxe5 9. fxe5 Nc6 10. d4 Qb6 11. c4 dxc4 12. Bxc4 cxd4 13. exd4 Nxe5 14. Nd2 Ng4 0-1